000 00564nam a22001697a 4500
005 20231117095158.0
008 231117b |||||||| |||| 00| 0 eng d
020 _a0409028983
041 _aEnglish
082 _a343.7 FRA
100 _aFranklin, BLS and Kaplan, M
_lEnglish
245 _aThe Mining and Mineral Laws of South Africa /
_cBLS Franklin and M Kaplan
260 _aDurban :
_bButterworth and Company (Pty) Ltd,
_c1982
300 _blxxviii, 853 pages ;
_c26 cm.
650 _aLegal practice
_bLaw
942 _cBK
_6ALISON_BN_VRIES
999 _c759
_d759